Finish the Book Title II Quiz Stats

 Plays Quiz Updated Feb 18, 2019

Support Sporcle.
Go Orange.
Score 0/40 Timer 06:00
2 Plays Today
Start of title Rest of title % Correct
To Kill...a Mockingbird
98.4%
The Catcher...in the Rye
92%
From Russia...with Love
91.6%
A Tale...of Two Cities
88.2%
Twenty Thousand...Leagues Under the Sea
87.1%
James and...the Giant Peach
85.2%
Anne of...Green Gables
84.2%
A Farewell...To Arms
77.5%
The Count...of Monte Cristo
75.2%
A Wrinkle...In Time
74.8%
The Call...of the Wild
70.6%
The Hound...of the Baskervilles
69.3%
Interview...with the Vampire
68.5%
Lord...of the Flies
67.1%
The Talented...Mr. Ripley
67%
Something Wicked...This Way Comes
62%
A Room...with a View
61.4%
Go Tell It...On the Mountain
59.1%
Where the Red...Fern Grows
54.9%
The Sound...and the Fury
54.2%
Start of title Rest of title % Correct
The Five People...You Meet in Heaven
48.1%
The Remains...of the Day
47.2%
One Hundred Years...of Solitude
47.1%
The Postman...Always Rings Twice
45.5%
The Sum...of All Fears
44.4%
The Turn...of the Screw
43.1%
The Voyage...of the Dawn Treader
41.8%
A Tree...Grows in Brooklyn
36.9%
Tess...of the D'Urbervilles
36.2%
The Island...of Dr. Moreau
35.6%
The Strange Case of...Dr. Jekyll and Mr. Hyde
35.1%
Do Androids...Dream of Electric Sheep?
34%
Life, the Universe...and Everything
33.5%
A Confederacy...of Dunces
31.2%
The Prime of...Miss Jean Brodie
29.2%
The Clan of...the Cave Bear
27.5%
The Agony...and the Ecstasy
27.2%
A Prayer...for Owen Meany
26.2%
A Death...in the Family
16.7%
Death Comes...for the Archbishop
11%

From the Vault

NFL Starting QBs (2016)

by Eminemlol

Sports 7m
We're surprised that the Browns only had to use 3 starting QBs this season.
Remove Ads.
Support Sporcle.
Get the best of Sporcle when you Go Orange. This ad-free experience offers more features, more stats, and more fun while also helping to support Sporcle. Thank you for becoming a member.

Show Comments

Extras

Top Quizzes Today


Score Distribution

Your Account Isn't Verified!

In order to create a playlist on Sporcle, you need to verify the email address you used during registration. Go to your Sporcle Settings to finish the process.

Report this User

Report this user for behavior that violates our Community Guidelines.

Details: